000 00650nam a2200253Ia 4500
008 180523s9999 xx 000 0 und d
020 _a978-0-07-128560-5
050 _aMAIN HF 1008
050 _b.F47 2008
100 _aFerrell, O.C.
245 0 _aBusiness :
245 2 _ba changing world /
245 0 _cO.C. Ferrell, Geoffrey Hirt, Linda Ferrell.
250 _a6th Edition
260 _aNew York :
260 _bMcGraw-Hill,
260 _c2008
300 _a586 pages :
300 _bcolored illustrations ;
300 _c25 cm.
500 _aIncludes index.
650 _aBusiness.
650 _xManagement -- United States.
999 _c356989
_d356989